<?xml version="1.0" encoding="UTF-8"?>
<record
    xmlns:xsi="http://www.w3.org/2001/XMLSchema-instance"
    xsi:schemaLocation="http://www.loc.gov/MARC21/slim http://www.loc.gov/standards/marcxml/schema/MARC21slim.xsd"
    xmlns="http://www.loc.gov/MARC21/slim">

  <leader>02407nam0a2200481   4500</leader>
  <controlfield tag="001">RU\NLR\BIBL_A\011347101</controlfield>
  <controlfield tag="005">20260407093002.0</controlfield>
  <datafield tag="021" ind1=" " ind2=" ">
    <subfield code="a">RU</subfield>
    <subfield code="b">2017-6062</subfield>
    <subfield code="9">431</subfield>
  </datafield>
  <datafield tag="029" ind1="1" ind2="0">
    <subfield code="a">RU</subfield>
    <subfield code="b">33884-2016</subfield>
    <subfield code="c">&#x413;&#x41E;&#x421;&#x422;</subfield>
  </datafield>
  <datafield tag="035" ind1=" " ind2=" ">
    <subfield code="a">(RuMoRGB)008780682</subfield>
  </datafield>
  <datafield tag="035" ind1=" " ind2=" ">
    <subfield code="a">(NLR Aleph) 011347101</subfield>
  </datafield>
  <datafield tag="090" ind1=" " ind2=" ">
    <subfield code="a">11224230</subfield>
    <subfield code="c">11224230</subfield>
  </datafield>
  <datafield tag="100" ind1=" " ind2=" ">
    <subfield code="a">20170316d2017    k  y0rusy50      ca</subfield>
  </datafield>
  <datafield tag="101" ind1="0" ind2=" ">
    <subfield code="a">rus</subfield>
  </datafield>
  <datafield tag="102" ind1=" " ind2=" ">
    <subfield code="a">RU</subfield>
  </datafield>
  <datafield tag="105" ind1=" " ind2=" ">
    <subfield code="a">y   l   000|y</subfield>
  </datafield>
  <datafield tag="200" ind1="1" ind2=" ">
    <subfield code="a">&#x421;&#x432;&#x435;&#x43A;&#x43B;&#x430; &#x441;&#x430;&#x445;&#x430;&#x440;&#x43D;&#x430;&#x44F;.</subfield>
    <subfield code="e">&#x442;&#x435;&#x445;&#x43D;&#x438;&#x447;&#x435;&#x441;&#x43A;&#x438;&#x435; &#x443;&#x441;&#x43B;&#x43E;&#x432;&#x438;&#x44F;</subfield>
    <subfield code="d">Sugar beet. Specifications</subfield>
    <subfield code="z">eng</subfield>
    <subfield code="e">&#x413;&#x41E;&#x421;&#x422; 33884-2016</subfield>
    <subfield code="f">&#x440;&#x430;&#x437;&#x440;&#x430;&#x431;&#x43E;&#x442;&#x430;&#x43D; &#x424;&#x435;&#x434;&#x435;&#x440;&#x430;&#x43B;&#x44C;&#x43D;&#x44B;&#x43C; &#x433;&#x43E;&#x441;&#x443;&#x434;&#x430;&#x440;&#x441;&#x442;&#x432;&#x435;&#x43D;&#x43D;&#x44B;&#x43C; &#x431;&#x44E;&#x434;&#x436;&#x435;&#x442;&#x43D;&#x44B;&#x43C; &#x43D;&#x430;&#x443;&#x447;&#x43D;&#x44B;&#x43C; &#x443;&#x447;&#x440;&#x435;&#x436;&#x434;&#x435;&#x43D;&#x438;&#x435;&#x43C; " &#x420;&#x43E;&#x441;&#x441;&#x438;&#x439;&#x441;&#x43A;&#x438;&#x439; &#x43D;&#x430;&#x443;&#x447;&#x43D;&#x43E;-&#x438;&#x441;&#x441;&#x43B;&#x435;&#x434;&#x43E;&#x432;&#x430;&#x442;&#x435;&#x43B;&#x44C;&#x441;&#x43A;&#x438;&#x43C; &#x438;&#x43D;&#x441;&#x442;&#x438;&#x442;&#x443;&#x442;&#x43E;&#x43C; &#x441;&#x430;&#x445;&#x430;&#x440;&#x43D;&#x43E;&#x439; &#x43F;&#x440;&#x43E;&#x43C;&#x44B;&#x448;&#x43B;&#x435;&#x43D;&#x43D;&#x43E;&#x441;&#x442;&#x438;" (&#x424;&#x413;&#x411;&#x41D;&#x423; "&#x420;&#x41D;&#x418;&#x418;&#x421;&#x41F;")</subfield>
  </datafield>
  <datafield tag="205" ind1=" " ind2=" ">
    <subfield code="a">&#x418;&#x437;&#x434;. &#x43E;&#x444;&#x438;&#x446;.</subfield>
  </datafield>
  <datafield tag="210" ind1=" " ind2=" ">
    <subfield code="a">&#x41C;&#x43E;&#x441;&#x43A;&#x432;&#x430;</subfield>
    <subfield code="c">&#x421;&#x442;&#x430;&#x43D;&#x434;&#x430;&#x440;&#x442;&#x438;&#x43D;&#x444;&#x43E;&#x440;&#x43C;</subfield>
    <subfield code="d">2017</subfield>
  </datafield>
  <datafield tag="215" ind1=" " ind2=" ">
    <subfield code="a">III, 7 c.</subfield>
    <subfield code="d">29</subfield>
  </datafield>
  <datafield tag="225" ind1="1" ind2=" ">
    <subfield code="a">&#x41C;&#x435;&#x436;&#x433;&#x43E;&#x441;&#x443;&#x434;&#x430;&#x440;&#x441;&#x442;&#x432;&#x435;&#x43D;&#x43D;&#x44B;&#x439; &#x441;&#x442;&#x430;&#x43D;&#x434;&#x430;&#x440;&#x442;</subfield>
    <subfield code="f">&#x41C;&#x435;&#x436;&#x433;&#x43E;&#x441;&#x443;&#x434;&#x430;&#x440;&#x441;&#x442;&#x432;&#x435;&#x43D;&#x43D;&#x44B;&#x439; &#x441;&#x43E;&#x432;&#x435;&#x442; &#x43F;&#x43E; &#x441;&#x442;&#x430;&#x43D;&#x434;&#x430;&#x440;&#x442;&#x438;&#x437;&#x430;&#x446;&#x438;&#x438;, &#x43C;&#x435;&#x442;&#x440;&#x43E;&#x43B;&#x43E;&#x433;&#x438;&#x438; &#x438; &#x441;&#x435;&#x440;&#x442;&#x438;&#x444;&#x438;&#x43A;&#x430;&#x446;&#x438;&#x438;</subfield>
  </datafield>
  <datafield tag="239" ind1=" " ind2=" ">
    <subfield code="a">&#x412;&#x432;&#x435;&#x434;. 01.07.2017</subfield>
  </datafield>
  <datafield tag="320" ind1=" " ind2=" ">
    <subfield code="a">&#x411;&#x438;&#x431;&#x43B;&#x438;&#x43E;&#x433;&#x440;.: &#x441;. 6 (2 &#x43D;&#x430;&#x437;&#x432;.)</subfield>
  </datafield>
  <datafield tag="510" ind1="1" ind2=" ">
    <subfield code="a">Sugar beet. Specifications</subfield>
    <subfield code="z">eng</subfield>
  </datafield>
  <datafield tag="517" ind1="1" ind2=" ">
    <subfield code="a">&#x413;&#x41E;&#x421;&#x422; 33884-2016</subfield>
  </datafield>
  <datafield tag="606" ind1=" " ind2=" ">
    <subfield code="a">&#x421;&#x430;&#x445;&#x430;&#x440;&#x43D;&#x430;&#x44F; &#x441;&#x432;&#x435;&#x43A;&#x43B;&#x430;</subfield>
    <subfield code="j">&#x422;&#x435;&#x445;&#x43D;&#x438;&#x447;&#x435;&#x441;&#x43A;&#x438;&#x435; &#x443;&#x441;&#x43B;&#x43E;&#x432;&#x438;&#x44F;</subfield>
    <subfield code="9">1514535</subfield>
    <subfield code="3">RU\NLR\AUTH\66959718</subfield>
  </datafield>
  <datafield tag="610" ind1="0" ind2=" ">
    <subfield code="a">&#x43A;&#x43E;&#x440;&#x43D;&#x435;&#x43F;&#x43B;&#x43E;&#x434;&#x44B;</subfield>
  </datafield>
  <datafield tag="610" ind1="0" ind2=" ">
    <subfield code="a">&#x442;&#x435;&#x440;&#x43C;&#x438;&#x43D;&#x44B; &#x438; &#x43E;&#x43F;&#x440;&#x435;&#x434;&#x435;&#x43B;&#x435;&#x43D;&#x438;&#x44F;</subfield>
  </datafield>
  <datafield tag="610" ind1="0" ind2=" ">
    <subfield code="a">&#x43E;&#x440;&#x433;&#x430;&#x43D;&#x43E;&#x43B;&#x435;&#x43F;&#x442;&#x438;&#x447;&#x435;&#x441;&#x43A;&#x438;&#x435; &#x43F;&#x43E;&#x43A;&#x430;&#x437;&#x430;&#x442;&#x435;&#x43B;&#x438;</subfield>
  </datafield>
  <datafield tag="610" ind1="0" ind2=" ">
    <subfield code="a">&#x444;&#x438;&#x437;&#x438;&#x43A;&#x43E;-&#x445;&#x438;&#x43C;&#x438;&#x447;&#x435;&#x441;&#x43A;&#x438;&#x435; &#x43F;&#x43E;&#x43A;&#x430;&#x437;&#x430;&#x442;&#x435;&#x43B;&#x438;</subfield>
  </datafield>
  <datafield tag="610" ind1="0" ind2=" ">
    <subfield code="a">&#x442;&#x440;&#x435;&#x431;&#x43E;&#x432;&#x430;&#x43D;&#x438;&#x44F; &#x431;&#x435;&#x437;&#x43E;&#x43F;&#x430;&#x441;&#x43D;&#x43E;&#x441;&#x442;&#x438;</subfield>
  </datafield>
  <datafield tag="675" ind1=" " ind2=" ">
    <subfield code="a">633.63:006.354</subfield>
  </datafield>
  <datafield tag="686" ind1=" " ind2=" ">
    <subfield code="a">67.080.20</subfield>
    <subfield code="v">2000</subfield>
    <subfield code="2">&#x41C;&#x41A;&#x421;</subfield>
  </datafield>
  <datafield tag="686" ind1=" " ind2=" ">
    <subfield code="a">97 2310</subfield>
    <subfield code="2">&#x41E;&#x41A;&#x41F;</subfield>
  </datafield>
  <datafield tag="686" ind1=" " ind2=" ">
    <subfield code="a">2 01.13.71.000</subfield>
    <subfield code="2">&#x41E;&#x41A;&#x41F;&#x414;</subfield>
  </datafield>
  <datafield tag="686" ind1=" " ind2=" ">
    <subfield code="a">&#x421;24</subfield>
    <subfield code="2">&#x43A;&#x43B;&#x430;&#x441;&#x441;&#x438;&#x444;&#x438;&#x43A;&#x430;&#x442;&#x43E;&#x440;</subfield>
  </datafield>
  <datafield tag="686" ind1="1" ind2=" ">
    <subfield code="a">&#x41B;84-31&#x44F;863</subfield>
  </datafield>
  <datafield tag="712" ind1="0" ind2="2">
    <subfield code="4">900</subfield>
    <subfield code="a">&#x420;&#x43E;&#x441;&#x441;&#x438;&#x439;&#x441;&#x43A;&#x438;&#x439; &#x41D;&#x418;&#x418; &#x441;&#x430;&#x445;&#x430;&#x440;&#x43D;&#x43E;&#x439; &#x43F;&#x440;&#x43E;&#x43C;&#x44B;&#x448;&#x43B;&#x435;&#x43D;&#x43D;&#x43E;&#x441;&#x442;&#x438;</subfield>
    <subfield code="c">&#x41A;&#x443;&#x440;&#x441;&#x43A;</subfield>
    <subfield code="3">RU\NLR\AUTH\8810030119</subfield>
    <subfield code="9">558805</subfield>
  </datafield>
  <datafield tag="712" ind1="0" ind2="2">
    <subfield code="4">725</subfield>
    <subfield code="a">&#x41C;&#x435;&#x436;&#x433;&#x43E;&#x441;&#x443;&#x434;&#x430;&#x440;&#x441;&#x442;&#x432;&#x435;&#x43D;&#x43D;&#x44B;&#x439; &#x441;&#x43E;&#x432;&#x435;&#x442; &#x43F;&#x43E; &#x441;&#x442;&#x430;&#x43D;&#x434;&#x430;&#x440;&#x442;&#x438;&#x437;&#x430;&#x446;&#x438;&#x438;, &#x43C;&#x435;&#x442;&#x440;&#x43E;&#x43B;&#x43E;&#x433;&#x438;&#x438; &#x438; &#x441;&#x435;&#x440;&#x442;&#x438;&#x444;&#x438;&#x43A;&#x430;&#x446;&#x438;&#x438;</subfield>
    <subfield code="3">RU\NLR\AUTH\8823529</subfield>
    <subfield code="9">321571</subfield>
  </datafield>
  <datafield tag="942" ind1=" " ind2=" ">
    <subfield code="c">BOOK</subfield>
  </datafield>
  <datafield tag="980" ind1=" " ind2=" ">
    <subfield code="a">NBR</subfield>
  </datafield>
</record>
